000 00873nam a2200229Ii 4500
003 JO-AjNU
008 230605s9999||||xx |||||||||||||| ||und||
017 _a2002/4255
020 _a977-04-4065-5
040 _aJO-AjNU
_bara
_erda
_cJO-AjNU
041 _aara
050 1 4 _aKRM856.B53.2010
100 3 _a البهنساوي، صفوت,
_eauthor
_932318
245 0 0 _aالعقود التجارية والإفلاس وفقا لأحكام قانون التجارية الجديد
250 _a(د،ط)
264 3 1 _aالقاهرة : دار النهضة العربية ، 2010
300 _a550ص
336 _atext
_btxt
_2rdacontent
337 _aunmediated
_bn
_2rdamedia
338 _avolume
_bnc
_2rdacarrier
650 4 _aالعقود التجارية -- قوانين وتشريعات -- مصر-- الإفلاس -- قوانين وتشريعات -- مصر
_932319
999 _aA13033
_c16601
_d16601